Umenie učiť milovať Hovoríme s hercom Júliusom Pántikom

Bibliographic Details
Main Authors: Pántik, Július, 1922-2002 (Author), Procházka, Miro (Author)
Format: Article
Language:Slovak
PhysicalDescription:Fotogr. 2
ISSN:0862-5999
Subjects:

MARC

LEADER 00000nab a2200000 a 4500
001 vtls000616490
003 SK-MaSNL
005 20260304091721.0
008 250425c1997 xo 0 slo
015 |a SNBRB19rr/mm-uuuuu 
035 |a CL0616629 
035 |a urn:nbn:sk:snk-abajpi 
035 |a (urnnbn)urn:nbn:sk:snk:ar-008aud 
035 |a (uuid)cb72ad91-1935-4e64-a300-3976d3696c59 
040 |a SNKBUCL  |b slo  |c SNKBUCL  |e AACR2 
041 0 |a slo 
044 |a xo  |c SK 
080 |a 792.071.2  |2 1981 
080 |a 791.44.071.2  |2 1981 
100 1 |a Pántik, Július,  |d 1922-2002  |4 aut  |9 102362 
245 1 0 |a Umenie učiť milovať  |b Hovoríme s hercom Júliusom Pántikom  |c Július Pántik, Miro Procházka 
300 |b Fotogr. 2 
600 1 7 |a Pántik, Július,  |d 1922-2002  |2 snkbucl  |9 102362 
655 7 |a články z novín a časopisov  |2 snkbucl  |9 267496 
700 1 |a Procházka, Miro  |4 aut  |9 279244 
773 0 |t Literárny týždenník  |g Roč. 10, č. 8 (1997), s. 1 a 10  |x 0862-5999 
850 |a Slovenská národná knižnica 
852 |a Slovenská národná knižnica 
954 |a odborná, vedecká literatúra pôvodná (slovenská)  |2 lita 
958 |a article14 
958 |a OND 
958 |a BX 
958 |a EUIPO 
992 |a RBX 
999 |c 2816521  |d 2818451